000 00355pam a2200145a 44500
008 230405s xxu||||| |||| 00| 0 eng d
041 _aENG
100 _aWHO
245 _aTHE COMMUNITY HEALTH WORKER
250 _a2 1992
260 _aGENEVA
_bWORLD HEALTH ORGANIZATION PUBLICATION GENEVA
_c
300 _a460
650 _aPHARMACEUTICS
906 _a1058
999 _c266497
_d266497